000 00834nam a2200265 a 4500
008
020 _a013666587x (pbk.)
049 _aMAIN
090 _aQC611
100 1 _aShur, Michael.
245 1 0 _aPhysics of semiconductor devices /
_cMichael Shur.
260 _aEnglewood Cliffs, N.J. :
_bPrentice Hall,
_cc1990.
300 _axxiv, 680 p. ;
_c25 cm.
440 0 _aPrentice Hall series in solid state physical electronics.
504 _aIncludes bibliographical references.
500 _aIncludes index.
650 0 _aSemiconductors.
650 0 _aJunction transistors.
650 0 _aMetal-oxide semiconductor field-effect transistors.
907 _a.b10043512
_b20-02-04
_c17-04-03
003
005 20230123133212.0
040 _cNUST
942 _cBOOKS
_kQC611
999 _c144497
_d144497